| 000 | 00781nam a22001577a 4500 | ||
|---|---|---|---|
| 999 |
_c24818 _d24818 |
||
| 003 | NUST | ||
| 005 | 20170517160438.0 | ||
| 008 | 170517b xxu||||| |||| 00| 0 eng d | ||
| 020 | _a9789698535230 | ||
| 040 |
_aDLC _bDLC _cRCMS |
||
| 082 | _a954.9122 NAD | ||
| 100 |
_aNadeem Shafiq Malik _91000 |
||
| 245 | _aA sociolinguistic study of Wakhi language of Northern Pakistan | ||
| 260 |
_aIslāmābād, Pakistan _bNational University of Sciences and Technology _cc2014. |
||
| 300 |
_ax, 222 p. _bill; _c24 cm. |
||
| 500 | _aIncludes bibliographical references (pages 207-222). | ||
| 538 | _iShelf , New Arrivals. Row # 3. | ||
| 650 |
_a1. Wakhi language--Pakistan--Gilgit-Baltistān. 2. Wakhi language--Social aspects--Pakistan--Gilgit-Baltistān. 3. Sociolinguistics--Pakistan--Gilgit-Baltistān. _91001 |
||
| 856 | _3Table of Contents Only. | ||
| 942 |
_cBK _2ddc |
||